000 00313nam a2200121Ia 4500
008 190216s9999||||xx |||||||||||||| ||und||
100 _aHalpern Alvin
245 0 _aSachum`S Solved Problems Series-3000 Solved Problems
260 _bTata Mcgrawhill Publishers
300 _a751
650 _aPhysics
942 _cBK
999 _c33967
_d33967